| 000 | 00561nam a2200241Ia 4500 | ||
|---|---|---|---|
| 008 | 210210b2018 xxu||||| |||| 00| 0 eng d | ||
| 020 | _a9789327289503 | ||
| 041 | _aeng | ||
| 082 | _a657.042 JAGF | ||
| 100 | _aJAGADEESH (S A) | ||
| 245 | _aFirst puc accountancy: class work book | ||
| 260 |
_aNew Delhi _bKalyani Publishers _c2018 |
||
| 300 | _a244 | ||
| 650 | _awork | ||
| 650 | _apuc | ||
| 650 | _aFirst | ||
| 650 | _aclass | ||
| 650 | _abook | ||
| 650 | _aaccountancy: | ||
| 650 | _aaccountancy | ||
| 690 | _aAccountancy | ||
| 906 | _a072570 | ||
| 999 |
_c122411 _d122411 |
||